000 00581cab a2200217 4500
001 X2235
008 090401t1995 xxu||||| |||| 00| 0 eng d
035 _a(Sirsi) u22808
041 _aeng
245 _aNew video training kit for job seekers
260 _c1995
350 _a0
490 _aCSM (Chartered Surveyor Monthly)
_v4(6) April 1995, 11(1)
650 _aINTEREXEC PLC
650 _aINTERVIEWS
650 _aJOB HUNTING
650 _aWILLING AND ABLE CLUB
690 _aMANAGEMENT-BUSINESS MANAGEMENT-PROFESSIONAL PRACTICE
942 _n0
948 _c04/03/1997
999 _c15293
_d15293